000 00534nam a22001817a 4500
003 CEME
005 20210628202644.0
008 210210b xxu||||| |||| 00| 0 eng d
020 _a981-235-896-X
040 _c.
082 _a005.133 BOX
100 _aBrown, Keith,Ewald, Tim,Box, Don
_960936
245 _aEffective com 50 more ways to improve your com and mts based applications
260 _aNEW DELHI
_bPEARSON EDUCATION ASIA
_c2000
490 _aXV,222P
650 _aMTS BASED APPLICATIONS; COM
_960937
942 _cBK
_2ddc
999 _c570533
_d570533